LEADER 01523nam 2200361 n 450 001 996392811803316 005 20221108000004.0 035 $a(CKB)4940000000111169 035 $a(EEBO)2248504798 035 $a(UnM)99868251 035 $a(EXLCZ)994940000000111169 100 $a19940615d1651 uy | 101 0 $aeng 135 $aurbn||||a|bb| 200 12$aA plea for the common-laws of England$b[electronic resource] $eor an answer to a book entituled, A good work for a good magistrate: or, a short cut to a great quiet. (Published by Mr. Hugh Peters:) So far as concerns his proposals touching the said laws. By R. Vaughan of Grays-Inne 210 $aLondon $cPrinted for Francis Tyton, and are to be sold at his shop, at the three Daggers in Fleetstreet, near the Inner Temple-gate$d1651 215 $a[16], 24 p 300 $aA reply to: Peters, Hugh, 1598-1660. Good work for a good magistrate. Or a short cut to great quiet. 300 $aAnnotation on Thomason copy: "July 3d". 300 $aReproduction of the original in the British Library. 330 $aeebo-0018 606 $aLaw$zEngland$vEarly works to 1800 607 $aGreat Britain$xHistory$yCommonwealth and Protectorate, 1649-1660$vEarly works to 1800 615 0$aLaw 700 $aVaughan$b Rice$01004740 801 0$bCu-RivES 801 1$bCu-RivES 801 2$bCStRLIN 801 2$bWaOLN 906 $aBOOK 912 $a996392811803316 996 $aA plea for the common-laws of England$92385416 997 $aUNISA